| 000 | 01508nam a22004091i 4500 | ||
|---|---|---|---|
| 999 |
_c175342 _d175342 |
||
| 003 | OSt | ||
| 005 | 20191209155842.0 | ||
| 008 | 191209t20182018njua|||er|||| 001 0 eng d | ||
| 020 |
_a9781119469858 _cRM 125.75 _qpaperback |
||
| 040 |
_aPPAK _beng _cPPAK _erda |
||
| 082 | 0 | 4 |
_223 _a005.446 |
| 090 | 0 | 0 |
_a005.446 _bWEV _dR |
| 100 | 1 |
_aWeverka, Peter, _eauthor. |
|
| 245 | 1 | 0 |
_aWindows 10 For Seniors / _cby Peter Weverka. |
| 246 | 3 | _aWindows 10 for seniors for dummies | |
| 246 | 3 | _aWindows ten for seniors | |
| 250 | _a3rd edition. | ||
| 264 | 1 |
_aHoboken, New Jersey : _bJohn Wiley & Sons, Inc., _c2018 |
|
| 264 | 4 | _c©2018 | |
| 300 |
_avii, 302 pages : _billustrations ; _c24 cm. |
||
| 336 |
_atext _2rdacontent |
||
| 336 |
_astill image _2rdacontent |
||
| 337 |
_aunmediated _2rdamedia |
||
| 338 |
_avolume _2rdacarrier |
||
| 490 | 1 | _aFor dummies | |
| 500 | _aIncludes index. | ||
| 500 | _a"Learning made easy"--Cover. | ||
| 520 | _aWith Windows 10 For Seniors For Dummies, getting familiar with Windows 10 is a painless process. If you're interested in learning the basics of this operating system without having to dig through confusing computer jargon, look no further. | ||
| 630 | 0 | 0 | _aMicrosoft Windows (Computer file) |
| 650 | 0 | _aWindows (Computer programs) | |
| 650 | 0 | _aOperating systems (Computers) | |
| 650 | 0 | _aComputers and older people. | |
| 655 | _aHandbooks and manuals. | ||
| 700 | 1 |
_aKarlins, David, _eauthor. |
|
| 830 | 0 | _aFor dummies. | |
| 942 |
_2ddc _cB |
||